000 01725nam a2200301Ia 4500
999 _c39660
_d39660
001 6262
003 GE_BSU
005 20191104171605.0
008 181216s2012||||ge |||||||||||||| ||geo||
020 _a9789941436475
040 _cGE_BSU
041 _ageo
080 _a620.3(063)+539.1(063) მ-56
245 _aმე-2 საერთაშორისო კონფერენცია "ნანოტექნოლოგიები" ნანო-2012 = 2nd International Conference "Nanotechnologies" Nano-2012 :
_bსაქართველო 2012წლის 19-21 სექტემბერი. შინაარსები
_cშემდგ.: ალექსი გერასიმოვი, ლევან ჩხარტიშვილი.
264 _aთბილისი :
_bნეკერი,
_c2012.
300 _a217 გვ. :
_bნახ. ;
_c29 სმ.
546 _a სტატიების ნაწილი რუს. და ინგლ..
653 _a კონფერენცია
653 _a ნანოტექნოლოგიები
700 _a ავალიშვილი, ნ.
_eავტორი
_95257
700 _a ჯაფარიძე, გ.
_eავტორი
_95258
700 _aგერასიმოვი, ა.
_eავტორი
_95259
700 _aკუჭუხიძე, თ.
_eავტორი
_95260
700 _aგაბუნია, ვ. და სხვ.
_eავტორი
_95261
700 _aგერასიმოვი, ალექსი
_eშემდგენელი
_95262
700 _aჩხარტიშვილი, ლევან
_eშემდგენელი
_95263
942 _cBK
_2udc